000 00389cam a22001097a 4500
008 180718b1998 xxu||||| |||| 00| 0 eng d
082 _aL27x5422 In8
245 _aReports of working groups for the preparation of a framework for VAT in Madhya Pradesh
260 _aIndore
_bAbhishek Publications
_c1998
300 _a--
700 _aMadhya Pradesh. Office of the Commissioner of Commercial Tax
999 _c503581
_d503581